Systém národných účtov ako rámec pre koordináciu ekonomickej štatistiky.
Objasnenie koordinačnej funkcie národných účtov v rámci ekonomickej štatistiky. Popis procesu koordinácie, jeho podmienok a organizácie, nástrojov koordinácie a niektorých efektov koordinácie. Vysvetlenie koordinácie v systéme národných účtov. Uplatňovanie nástrojov koordinácie v konkrétnych podmien...
Salvato in:
| Autore principale: | |
|---|---|
| Altri autori: | |
| Natura: | Capitolo di libro |
| Lingua: | slovacco |
| Soggetti: | |
| Tags: |
Nessun Tag, puoi essere il primo ad aggiungerne!!
|
MARC
| LEADER | 00000naa a2200000 4500 | ||
|---|---|---|---|
| 001 | r006932 | ||
| 005 | 20221125080356.8 | ||
| 041 | 0 | |a slo | |
| 044 | |a [CS] | ||
| 245 | 1 | 0 | |a Systém národných účtov ako rámec pre koordináciu ekonomickej štatistiky. |c D. Stratil, L. Adamiš |
| 520 | |a Objasnenie koordinačnej funkcie národných účtov v rámci ekonomickej štatistiky. Popis procesu koordinácie, jeho podmienok a organizácie, nástrojov koordinácie a niektorých efektov koordinácie. Vysvetlenie koordinácie v systéme národných účtov. Uplatňovanie nástrojov koordinácie v konkrétnych podmienkach zavádzania systému národných účtov v čs. štatistike. | ||
| 610 | 2 | 0 | |a účty národné |
| 610 | 2 | 0 | |a koordinácia |
| 610 | 2 | 0 | |a štatistika ekonomická |
| 610 | 2 | 0 | |a systémy štatistické |
| 610 | 2 | 0 | |a systémy informačné |
| 610 | 2 | 0 | |a ČSFR |
| 100 | 1 | |a Stratil, D. | |
| 700 | 1 | |a Adamiš, L. | |